|
|
|
|
| LEADER |
00000nab a2200000 a 4500 |
| 001 |
vtls010081090 |
| 003 |
SK-MaSNL |
| 005 |
20260303050931.0 |
| 008 |
171108 2010 xo r r 000 0 slo |
| 038 |
|
|
|a KEVKJB
|
| 040 |
|
|
|a KEVKJB
|b slo
|c KEVKJB
|e AACR2
|
| 041 |
0 |
|
|a slo
|
| 044 |
|
|
|a xo
|c SK
|
| 080 |
|
|
|a 614
|2 2001
|
| 080 |
|
|
|a 061.2
|2 2001
|
| 100 |
1 |
|
|a Bejda, Róbert
|4 aut
|9 760251
|
| 245 |
1 |
0 |
|a Prednášať sa bude o vzniku rakoviny, existencii UFO či správnej výžive
|b v Jumbo centre na Masarykovej ulici sa 9. a 10. apríla uskutoční 13. ročník ezoterického festivalu Deň zdravia
|c Róbert Bejda
|
| 300 |
|
|
|b Obr.
|
| 610 |
2 |
7 |
|a Regeneračné centrum zdravia Energy (Košice, Slovensko)
|2 kevkjb
|9 1039771
|
| 611 |
2 |
7 |
|a Deň zdravia
|n (13. :
|d 2010
|c Košice, Slovensko)
|2 kevkjb
|9 1039772
|
| 651 |
|
7 |
|a Košice (Slovensko)
|2 kevkjb
|9 18694
|
| 773 |
0 |
|
|t Košický večer
|g Roč. 21(42), č. 12 (26.3.2010), s. 20
|x 1336-5320
|
| 852 |
|
|
|a KEVKJB
|b KIS3GCP
|
| 999 |
|
|
|c 1709569
|d 1711499
|